Word Ladder: Growing Pixar Quiz Stats

 Plays Quiz Updated Nov 17, 2016

Challenge
Share
Tweet
Embed
Score 0/26 Timer 03:00
2 Plays Today
Clue Word % Correct
The @ symbolAT
96%
* Pixar Film: Toy ___ **STORY*
94.6%
'___ Time Goes By'AS
93.6%
The objective form of weUS
93.2%
The center of an appleCORE
92%
* Pixar Film: A Bug's ___ **LIFE*
88.4%
'Where the Wild Things ___'ARE
88.1%
* Pixar Film **UP*
87.4%
A shopSTORE
86.7%
Female spouseWIFE
86.1%
To give a portion to someone elseSHARE
85.7%
Land along a body of waterSHORE
82.6%
What one pays to a cabbieFARE
81.1%
Clue Word % Correct
To have concern or interestCARE
79.3%
A rock bearing extractable metalsORE
78.7%
Grain used for cerealsOAT
78.6%
March ___, present at Alice's tea partyHARE
77%
* Pixar Film **CARS*
67.4%
To remove one from a companyFIRE
66%
AngerIRE
65.6%
Slender and flexible metalWIRE
65.4%
To add one to a companyHIRE
65.3%
A British conservativeTORY
62.2%
A crumbORT
62%
Covers with a roadmaking materialTARS
56.6%
Hilly or rocky peaksTORS
48.3%

Today's Daily Dose

You're not logged in!

Compare scores with friends on all Sporcle quizzes.
Join for Free
OR
Log In

You Might Also Like...

Show Comments

Extras

Top Quizzes Today


Score Distribution

Your Account Isn't Verified!

In order to create a playlist on Sporcle, you need to verify the email address you used during registration. Go to your Sporcle Settings to finish the process.

Report this User

Report this user for behavior that violates our Community Guidelines.

Details: